| 000 | 00442 a2200157 4500 | ||
|---|---|---|---|
| 999 |
_c3367 _d3367 |
||
| 020 | _a9780340906514 | ||
| 050 | _aHD 62.7 HIP 2005 | ||
| 100 | _aHipkiss, Anna | ||
| 245 |
_aTeach yourself small business health check / _cAnna Hipkiss |
||
| 264 |
_aLondon : _bHodder Education, _c2005 |
||
| 300 |
_axviii, 269p. : _bill. |
||
| 440 | _aTeach yourself. | ||
| 500 | _aIncludes index | ||
| 650 | _aSmall business | ||
| 942 |
_2lcc _cBK _h62.7 _iHIP _kHD |
||